000 00710nam a2200241Ia 4500
003 OSt
005 20221005121422.0
006 a|||||r|||| 00| 0
007 ta
008 221004b |||||||| |||| 00| 0 ara d
020 _a9770807842 (pbk)
_c110
024 _a40106
037 _b02, 26/03/2007, Nadwi Publications
_cTextual
040 _aCRL
_cCRL
_bara
041 _2ara
_aara
082 _aO28,3NAH,28, N8
100 _aQudoos Ahsan Abdul Au.
_9174163
245 0 _aHatti laiteerul dakhan
260 _c1998
650 _aARABIC FICTION
_964594
942 _hO28,3NAH,28, N8
_cTEXL
_2cc
999 _c1041111
_d1041111